| 000 | 00848nam a2200229Ia 4500 | ||
|---|---|---|---|
| 003 | OSt | ||
| 005 | 20200820124518.0 | ||
| 008 | 191128s1986 ck gr 000 0 spa d | ||
| 020 | _a9586041425 | ||
| 040 |
_aCo-JMCR _cCo-JMCR |
||
| 041 | 0 | _aspa | |
| 082 | 0 | 4 |
_a368.4 / _bM671e _223 |
| 100 | 1 |
_aMorales, Inés, _eautora _99026 |
|
| 245 | 1 | 0 |
_aEnsayo Sobre Seguridad Social en Colombia / _cInés Morales |
| 250 | _aSegunda edición | ||
| 260 |
_aBogotá : _bTemis, _c1986. |
||
| 300 |
_a209 páginas _c24 cm. |
||
| 505 | 0 | _aAntecedentes históricos de la seguridad social -- Los seguros privados y el seguro obligatorio -- La salud y nuestra organización médica -- Las personas júridicas de dereecho social -- Del seguro social a la seguridad social | |
| 650 | 2 | 4 |
_aSeguridad social _96217 |
| 650 | 2 | 4 |
_aDerecho social _99027 |
| 942 |
_2ddc _cBK |
||
| 999 |
_c6038 _d6038 |
||